[Event "European Individual Championships"]
[Site "Yerevan ARM"]
[Date "2014.03.03"]
[EventDate "2014.03.03"]
[Round "1.76"]
[Result "1/2-1/2"]
[White "Avetik Grigoryan"]
[Black "Haik M Martirosyan"]
[WhiteElo "2583"]
[BlackElo "2234"]
[PlyCount "80"]

1. c4 Nf6 2. g3 e6 3. Bg2 d5 4. Nf3 Be7 5. O-O O-O 6. d4 dxc4
7. Qa4 a6 8. Qxc4 b5 9. Qc2 Bb7 10. Bd2 Ra7 11. Rc1 Be4
12. Qb3 Nbd7 13. Be3 c5 14. dxc5 Rc7 15. Qa3 Nxc5 16. Bxc5
Rxc5 17. Rxc5 Bxf3 18. Bxf3 Qd4 19. e3 Qxc5 20. Qxc5 Bxc5
21. Nd2 Bb6 22. Rc1 Rb8 23. Bb7 a5 24. Rc8+ Rxc8 25. Bxc8 Nd5
26. Kf1 Kf8 27. Bd7 Nc7 28. Ne4 Ke7 29. Bc6 f5 30. Nc3 b4
31. Na4 Kd6 32. Bb7 Ba7 33. Ke2 Nd5 34. Kd3 Nb6 35. Nxb6 Bxb6
36. Kc4 Kc7 37. Bf3 Kd6 38. Kb5 Bd8 39. h4 Bc7 40. b3 Bd8
1/2-1/2

[Event "European Individual Championships"]
[Site "Yerevan ARM"]
[Date "2014.03.04"]
[EventDate "2014.03.03"]
[Round "2.70"]
[Result "1-0"]
[White "Haik M Martirosyan"]
[Black "Vladislav Nevednichy"]
[WhiteElo "2234"]
[BlackElo "2591"]
[PlyCount "71"]

1. d4 Nf6 2. Nf3 g6 3. Bf4 Bg7 4. e3 d6 5. h3 O-O 6. Be2 b6
7. c4 Bb7 8. Nc3 Ne4 9. Nxe4 Bxe4 10. Qd2 c5 11. O-O Nc6
12. d5 Na5 13. Ng5 Bf5 14. e4 Bd7 15. Nf3 b5 16. cxb5 Rb8
17. b4 Bxa1 18. Rxa1 Nb7 19. a4 cxb4 20. Qxb4 Qa5 21. Qb2 Rfc8
22. Bd2 Qd8 23. e5 Be8 24. Bh6 Nc5 25. exd6 f6 26. dxe7 Qxe7
27. Bc4 Qd6 28. Qd4 Rb7 29. Bf4 Qf8 30. Rc1 Kh8 31. Ba2 Bd7
32. Ne5 Kg7 33. Nc6 Nxa4 34. Qxa4 g5 35. Be3 h6 36. Bb1 1-0

[Event "European Individual Championships"]
[Site "Yerevan ARM"]
[Date "2014.03.05"]
[EventDate "2014.03.03"]
[Round "3.47"]
[Result "1-0"]
[White "Zoltan Almasi"]
[Black "Haik M Martirosyan"]
[WhiteElo "2704"]
[BlackElo "2234"]
[PlyCount "61"]

1. e4 c6 2. d4 d5 3. e5 Bf5 4. Nd2 e6 5. Nb3 Nd7 6. Nf3 Ne7
7. Be2 Nc8 8. O-O Be7 9. Ne1 Bg6 10. Nd3 O-O 11. Nf4 c5
12. Nxg6 hxg6 13. c3 cxd4 14. cxd4 Ncb6 15. Na5 Bb4 16. Nxb7
Qc7 17. a3 Bxa3 18. Rxa3 Qxb7 19. Rh3 f6 20. exf6 Nxf6 21. Bd3
Qf7 22. Qc2 Rfc8 23. Qb1 Nbd7 24. Bxg6 Qe7 25. Bg5 Qb4 26. Qd3
Rab8 27. Qe3 Rc6 28. Qf4 Nf8 29. Bxf6 Nxg6 30. Qg5 Kf7 31. Rf3
1-0

[Event "European Individual Championships"]
[Site "Yerevan ARM"]
[Date "2014.03.06"]
[EventDate "2014.03.03"]
[Round "4.74"]
[Result "1/2-1/2"]
[White "Haik M Martirosyan"]
[Black "Stelios Halkias"]
[WhiteElo "2234"]
[BlackElo "2551"]
[PlyCount "88"]

1. d4 Nf6 2. Nf3 e6 3. c4 Bb4+ 4. Bd2 Be7 5. Nc3 d5 6. Bf4 O-O
7. e3 b6 8. Bd3 dxc4 9. Bxc4 Bb7 10. O-O a6 11. a3 b5 12. Ba2
c5 13. dxc5 Bxc5 14. Rc1 Nbd7 15. Qe2 Qe7 16. Rfd1 Rfc8 17. e4
b4 18. axb4 Bxb4 19. Bb1 e5 20. Bg5 Bxc3 21. bxc3 h6 22. Bh4
Nc5 23. Re1 a5 24. Bg3 Ba6 25. Qa2 Nfd7 26. Rcd1 Rd8 27. Qa3
Bc4 28. Rxd7 Qxd7 29. Qxc5 Rdc8 30. Qa3 f6 31. Bc2 Be6 32. h3
Qc7 33. Re3 a4 34. Nd4 Bf7 35. Nf5 Qc5 36. c4 Qxa3 37. Rxa3
Rxc4 38. Ne3 Rb4 39. f3 Bb3 40. Be1 Rb7 41. Bd3 Bf7 42. Bc2
Bb3 43. Bd3 Bf7 44. Bc2 Bb3 1/2-1/2

[Event "European Individual Championships"]
[Site "Yerevan ARM"]
[Date "2014.03.07"]
[EventDate "2014.03.03"]
[Round "5.72"]
[Result "1/2-1/2"]
[White "Robert Aghasaryan"]
[Black "Haik M Martirosyan"]
[WhiteElo "2503"]
[BlackElo "2234"]
[PlyCount "85"]

1. Nf3 Nf6 2. c4 e6 3. g3 b6 4. Bg2 Bb7 5. O-O c5 6. Nc3 Be7
7. d4 cxd4 8. Qxd4 d6 9. Bg5 a6 10. Bxf6 Bxf6 11. Qf4 O-O
12. Rfd1 Be7 13. Ne4 Bxe4 14. Qxe4 Ra7 15. Nd4 Rc7 16. b3 Qc8
17. Rd2 Rd8 18. Rad1 Bf8 19. e3 Rc5 20. Qd3 Nd7 21. a4 Nf6
22. Qb1 Be7 23. Rd3 g6 24. Qb2 h5 25. h4 Ng4 26. Qe2 Kg7
27. R3d2 Nf6 28. Rc2 e5 29. Nf3 b5 30. axb5 axb5 31. Rdc1 bxc4
32. bxc4 Qc7 33. Ng5 Rb8 34. Bf3 Rc8 35. Bg2 d5 36. Bh3 Ng4
37. Bxg4 hxg4 38. Qxg4 Bxg5 39. Qxg5 dxc4 40. h5 Qd6 41. hxg6
Qxg6 42. Qxg6+ Kxg6 43. e4 1/2-1/2

[Event "European Individual Championships"]
[Site "Yerevan ARM"]
[Date "2014.03.08"]
[EventDate "2014.03.03"]
[Round "6.80"]
[Result "1-0"]
[White "Haik M Martirosyan"]
[Black "Lilit Mkrtchian"]
[WhiteElo "2234"]
[BlackElo "2465"]
[PlyCount "83"]

1. d4 e6 2. c4 f5 3. Nf3 d5 4. g3 Nf6 5. Bg2 Be7 6. O-O O-O
7. b3 b6 8. Bb2 Bb7 9. Nbd2 Nbd7 10. Ng5 Qc8 11. Nxe6 Re8
12. Nf4 Bd6 13. Nd3 Ne4 14. Rc1 f4 15. cxd5 Nxd2 16. Qxd2 fxg3
17. e4 gxh2+ 18. Kh1 Nf6 19. e5 Bxd5 20. Nf4 Bxg2+ 21. Nxg2
Qf5 22. exf6 Qxf6 23. f4 Qf5 24. Rce1 Qd5 25. Kxh2 Rf8 26. Qd3
Kh8 27. Kg1 Rad8 28. Qe4 Qh5 29. Re3 Rf6 30. Qf3 Qf7 31. Re4
Rf8 32. Bc3 Rg6 33. Be1 Qf5 34. Re3 Rh6 35. Bh4 Qd7 36. Re4
Ba3 37. f5 Bb2 38. Qf2 Qd5 39. Rg4 Ba3 40. Ne3 Qa8 41. Qg2 Qe8
42. Bg5 1-0

[Event "European Individual Championships"]
[Site "Yerevan ARM"]
[Date "2014.03.10"]
[EventDate "2014.03.03"]
[Round "7.56"]
[Result "0-1"]
[White "Mladen Palac"]
[Black "Haik M Martirosyan"]
[WhiteElo "2561"]
[BlackElo "2234"]
[PlyCount "56"]

1. Nf3 Nf6 2. c4 e6 3. g3 b6 4. Bg2 Bb7 5. d4 Bb4+ 6. Bd2
Bxd2+ 7. Qxd2 O-O 8. Nc3 Ne4 9. Qd3 f5 10. O-O Nxc3 11. Qxc3
d6 12. c5 Bd5 13. Nd2 Bxg2 14. Kxg2 Nd7 15. cxd6 cxd6 16. Qb3
Qe7 17. e4 f4 18. Rac1 Nf6 19. Rc6 Kh8 20. Rfc1 e5 21. Qb4 Ng4
22. Qxd6 Qg5 23. Nf3 Qh5 24. Qe6 fxg3 25. hxg3 Nxf2 26. Nxe5
Nxe4 27. Rc8 Qe2+ 28. Kh1 Nxg3+ 0-1

[Event "European Individual Championships"]
[Site "Yerevan ARM"]
[Date "2014.03.11"]
[EventDate "2014.03.03"]
[Round "8.32"]
[Result "0-1"]
[White "Haik M Martirosyan"]
[Black "Vladislav Artemiev"]
[WhiteElo "2234"]
[BlackElo "2621"]
[PlyCount "64"]

1. d4 Nf6 2. Nf3 g6 3. Bf4 Bg7 4. e3 O-O 5. h3 c5 6. c3 cxd4
7. exd4 d6 8. Be2 Be6 9. O-O Qb6 10. Bc1 Nc6 11. Nbd2 Qc7
12. Nc4 Rad8 13. Bg5 Bc8 14. Ne3 Ne4 15. Bf4 e5 16. Bh2 f5
17. Re1 Kh8 18. Qa4 Nf6 19. dxe5 dxe5 20. Bb5 f4 21. Nc4 e4
22. Ng5 Ne7 23. Qa5 Qxa5 24. Nxa5 Rd5 25. Nxe4 Rxb5 26. Nb3
Nxe4 27. Rxe4 Re5 28. Rxf4 Re2 29. Rxf8+ Bxf8 30. Bd6 Kg8
31. Ba3 Nc6 32. Kf1 Rc2 0-1

[Event "European Individual Championships"]
[Site "Yerevan ARM"]
[Date "2014.03.12"]
[EventDate "2014.03.03"]
[Round "9.55"]
[Result "1/2-1/2"]
[White "Boris Savchenko"]
[Black "Haik M Martirosyan"]
[WhiteElo "2560"]
[BlackElo "2234"]
[PlyCount "71"]

1. e4 c6 2. d4 d5 3. Nc3 dxe4 4. Nxe4 Nd7 5. Bc4 Ngf6 6. Ng5
e6 7. Qe2 Nb6 8. Bb3 h6 9. N5f3 c5 10. c3 Be7 11. dxc5 Nbd7
12. Ne5 Nxe5 13. Qxe5 Qa5 14. Be3 O-O 15. Bd4 Bd7 16. O-O-O
Rfd8 17. Nf3 Ba4 18. Rhe1 Bxb3 19. axb3 Rd5 20. Qg3 Nh5
21. Qg4 Bxc5 22. Kc2 Bxd4 23. Nxd4 Nf6 24. Qf3 Rad8 25. h3 e5
26. Nf5 e4 27. Qf4 Rxd1 28. Rxd1 Rxd1 29. Kxd1 Qb5 30. Nxh6+
gxh6 31. Qxf6 Qf1+ 32. Kd2 Qd3+ 33. Kc1 Qf1+ 34. Kd2 Qd3+
35. Kc1 Qf1+ 36. Kd2 1/2-1/2

[Event "European Individual Championships"]
[Site "Yerevan ARM"]
[Date "2014.03.13"]
[EventDate "2014.03.03"]
[Round "10.52"]
[Result "0-1"]
[White "Haik M Martirosyan"]
[Black "Jan-Krzysztof Duda"]
[WhiteElo "2234"]
[BlackElo "2563"]
[PlyCount "118"]

1. Nf3 Nf6 2. c4 e6 3. d4 d5 4. cxd5 exd5 5. Nc3 c6 6. Bg5 Be7
7. e3 Bf5 8. Bd3 Bxd3 9. Qxd3 Nbd7 10. O-O O-O 11. Rab1 Nb6
12. b4 a6 13. a4 Ne4 14. Bxe7 Qxe7 15. Ra1 Nxc3 16. Qxc3 Nc4
17. Nd2 Nd6 18. Qd3 Rfe8 19. Rfe1 g6 20. g3 Kg7 21. Kg2 Qd7
22. Nb3 Re7 23. Nc5 Qg4 24. f3 Qg5 25. h4 Qh5 26. e4 dxe4
27. fxe4 b6 28. e5 bxc5 29. exd6 Qd5+ 30. Qf3 Rxe1 31. Rxe1
cxb4 32. Qxd5 cxd5 33. a5 Kf6 34. Kf3 h5 35. d7 Rd8 36. Rb1
Rxd7 37. Rxb4 Kf5 38. Rb6 Rc7 39. Rxa6 Rc3+ 40. Kf2 Ke4
41. Ra7 Rc2+ 42. Kf1 f5 43. Ra6 Kxd4 44. Rxg6 Ra2 45. a6 Ke4
46. Ke1 d4 47. Re6+ Kf3 48. Rf6 Ra1+ 49. Kd2 Kxg3 50. Rxf5
Kxh4 51. Rf4+ Kg3 52. Rxd4 Rxa6 53. Ke2 h4 54. Rd8 Ra2+
55. Kf1 Ra1+ 56. Ke2 h3 57. Rg8+ Kf4 58. Rf8+ Ke4 59. Re8+ Kd4
0-1

[Event "Andranik Margaryan Mem"]
[Site "Yerevan ARM"]
[Date "2016.01.08"]
[EventDate "2016.01.08"]
[Round "1.4"]
[Result "1-0"]
[White "Haik M Martirosyan"]
[Black "David Paravyan"]
[WhiteElo "2411"]
[BlackElo "2509"]
[PlyCount "233"]

1. d4 e6 2. c4 c5 3. Nf3 cxd4 4. Nxd4 Nf6 5. Nc3 Bb4 6. g3 Ne4
7. Qd3 Qa5 8. Bd2 Nxd2 9. Qxd2 Nc6 10. Nb3 Qc7 11. a3 Be7
12. Nb5 Qb6 13. e4 d6 14. Qc3 O-O 15. Rd1 Rd8 16. Bg2 e5
17. O-O Be6 18. a4 a6 19. Na3 Rac8 20. a5 Qc7 21. Nc2 Rb8
22. Ne3 Nd4 23. Nxd4 exd4 24. Qxd4 Qxa5 25. Nd5 Bxd5 26. Qxd5
Qb4 27. Rd2 Rbc8 28. Rc1 Rc5 29. Qd3 b5 30. Rdc2 bxc4 31. Qe2
Rb8 32. Bf1 a5 33. Qg4 Rbc8 34. Qd7 R5c7 35. Qf5 g6 36. Qf3
Bg5 37. Rd1 Kg7 38. Bh3 Re8 39. Bf1 Rec8 40. Bh3 Re8 41. Bf1
Bf6 42. Qe2 a4 43. Rxc4 Rxc4 44. Qxc4 Qxc4 45. Bxc4 Rxe4
46. Bb5 Rb4 47. Bd7 Bd4 48. Kh1 Kf6 49. Bc6 Ke7 50. Re1+ Kd8
51. Re2 Kc7 52. Be8 Kb6 53. Rc2 Ka5 54. Rc8 Ba7 55. Rc7 Bxf2
56. Rxf7 Rxb2 57. Rf4 Ra2 58. Rh4 a3 59. Ra4+ Kb6 60. Bf7 Ra1+
61. Kg2 Kb5 62. Be8+ Kc5 63. Kxf2 d5 64. Bf7 Kb5 65. Ra8 d4
66. Ke2 Kb4 67. Bd5 Kc5 68. Be6 g5 69. h3 Kb4 70. Rb8+ Kc5
71. Ra8 Kb4 72. Rb8+ Kc5 73. Rb3 h5 74. g4 hxg4 75. hxg4 Kd6
76. Rb6+ Ke5 77. Ra6 Kf4 78. Kd2 Kg3 79. Ra4 a2 80. Bxa2 Rf1
81. Be6 Rf2+ 82. Ke1 Rf4 83. Bf5 Kh3 84. Kd2 Rf2+ 85. Ke1 Rf4
86. Rc4 Kg3 87. Kd2 Rf3 88. Rxd4 Kh4 89. Rd8 Rb3 90. Ke2 Kg3
91. Rd3+ Kh4 92. Rd1 Ra3 93. Rd4 Rg3 94. Kf2 Rg2+ 95. Kf3 Rg1
96. Rd7 Rg3+ 97. Ke4 Ra3 98. Ke5 Ra8 99. Kf6 Ra6+ 100. Kg7 Kg3
101. Rf7 Kh4 102. Re7 Rb6 103. Be6 Kg3 104. Kf6 Kh4 105. Rg7
Ra6 106. Rg6 Ra5 107. Rh6+ Kg3 108. Rh5 Kf4 109. Rh3 Ra6
110. Rd3 Ra5 111. Rd6 Kg3 112. Rd7 Kh4 113. Rh7+ Kg3 114. Rh5
Kf4 115. Rh1 Ra6 116. Re1 Ra5 117. Rf1+ 1-0

[Event "Aeroflot Open"]
[Site "Moscow RUS"]
[Date "2016.03.01"]
[EventDate "2016.03.01"]
[Round "1.41"]
[Result "1-0"]
[White "Haik M Martirosyan"]
[Black "Sergei Azarov"]
[WhiteElo "2425"]
[BlackElo "2599"]
[PlyCount "81"]

1. d4 d5 2. c4 dxc4 3. Nf3 Nf6 4. e3 e6 5. Bxc4 a6 6. O-O c5
7. dxc5 Bxc5 8. Qxd8+ Kxd8 9. Nbd2 Nbd7 10. Be2 Ke7 11. Nc4
Ne4 12. Nfd2 Ndf6 13. Nb3 Ba7 14. Nba5 Rd8 15. b3 Bc5 16. Bb2
Nd2 17. Rfd1 Nxc4 18. Nxc4 Rxd1+ 19. Rxd1 a5 20. Bf3 Ra7
21. Bc3 Bd7 22. Nxa5 Nd5 23. Bxd5 exd5 24. Rxd5 b6 25. a4 f6
26. h3 Ke6 27. e4 Kf7 28. Rh5 Kg6 29. g4 Rc7 30. Nc4 Be6
31. Bd2 Bxc4 32. bxc4 Bd4 33. Rb5 Rxc4 34. Rb4 Rxb4 35. Bxb4
h5 36. Kg2 hxg4 37. hxg4 Kf7 38. f4 g6 39. f5 gxf5 40. exf5
Ke8 41. Kf3 1-0

[Event "Aeroflot Open"]
[Site "Moscow RUS"]
[Date "2016.03.02"]
[EventDate "2016.03.01"]
[Round "2.13"]
[Result "1/2-1/2"]
[White "Boris Gelfand"]
[Black "Haik M Martirosyan"]
[WhiteElo "2735"]
[BlackElo "2425"]
[PlyCount "49"]

1. d4 Nf6 2. c4 e6 3. Nf3 b6 4. g3 Ba6 5. b3 Bb4+ 6. Bd2 Be7
7. Nc3 O-O 8. Bg2 d5 9. cxd5 exd5 10. O-O Nbd7 11. Qc2 Re8
12. Bf4 Nf8 13. Rfd1 Ne6 14. Be5 Bb7 15. a3 Ne4 16. b4 Nxc3
17. Qxc3 c6 18. Rab1 a5 19. Qc2 axb4 20. axb4 Ba6 21. Bh3 Bc4
22. Bf5 Nf8 23. Bd3 b5 24. Bf4 f6 25. Bd2 1/2-1/2

[Event "Aeroflot Open"]
[Site "Moscow RUS"]
[Date "2016.03.03"]
[EventDate "2016.03.01"]
[Round "3.12"]
[Result "0-1"]
[White "Haik M Martirosyan"]
[Black "Daniil Dubov"]
[WhiteElo "2425"]
[BlackElo "2634"]
[PlyCount "160"]

1. Nf3 c5 2. c4 Nc6 3. g3 g6 4. Bg2 Bg7 5. O-O d6 6. Nc3 e6
7. e3 Nge7 8. d4 O-O 9. d5 Na5 10. Nd2 exd5 11. Nxd5 Nxd5
12. Bxd5 Be6 13. Rb1 Bf5 14. e4 Bh3 15. Re1 Nc6 16. Bxc6 bxc6
17. b3 f5 18. Bb2 Bxb2 19. Rxb2 Qf6 20. Rb1 Rae8 21. Qf3 Bg4
22. Qg2 fxe4 23. Nxe4 Rxe4 24. Rxe4 Bf3 25. Rf4 Qxf4 26. gxf4
Bxg2 27. Kxg2 Rxf4 28. Rd1 Rf6 29. f4 Kf7 30. Kg3 Ke6 31. Re1+
Kd7 32. Rd1 a5 33. h4 Ke6 34. Re1+ Kf7 35. Rd1 Re6 36. Kf3 Kf6
37. Rd2 Kf5 38. Rd1 a4 39. Rg1 Re8 40. Rd1 axb3 41. axb3 Ke6
42. Re1+ Kd7 43. Ra1 Rb8 44. Ra7+ Ke6 45. Rxh7 Rxb3+ 46. Kg4
Rb1 47. h5 gxh5+ 48. Rxh5 Rg1+ 49. Kf3 Rf1+ 50. Ke3 d5
51. Rh6+ Kd7 52. Rh7+ Kd6 53. Rh6+ Kc7 54. Rh5 Rd1 55. f5 Re1+
56. Kd3 Re5 57. Rh7+ Kd6 58. Rh6+ Kd7 59. f6 Re4 60. Rh7+ Kd6
61. f7 Ke7 62. cxd5 cxd5 63. Kc2 Rf4 64. f8=Q+ Kxf8 65. Rd7
Rd4 66. Kc3 Ke8 67. Rh7 Kd8 68. Rg7 Rc4+ 69. Kd3 Rh4 70. Kc2
Rc4+ 71. Kd3 Re4 72. Kc2 Re7 73. Rg5 Rd7 74. Kd3 Kc7 75. Rh5
Kc6 76. Rh8 Rg7 77. Rc8+ Kb6 78. Rb8+ Kc7 79. Rh8 Rg3+ 80. Kc2
Kc6 0-1

[Event "Aeroflot Open"]
[Site "Moscow RUS"]
[Date "2016.03.04"]
[EventDate "2016.03.01"]
[Round "4.29"]
[Result "1/2-1/2"]
[White "Vitaly Kunin"]
[Black "Haik M Martirosyan"]
[WhiteElo "2584"]
[BlackElo "2425"]
[PlyCount "82"]

1. d4 Nf6 2. Nf3 e6 3. g3 b5 4. Bg2 Bb7 5. O-O c5 6. c3 Na6
7. Be3 Be7 8. Na3 b4 9. Nc4 bxc3 10. bxc3 O-O 11. Rb1 Be4
12. Rb2 cxd4 13. cxd4 Nb4 14. Bf4 Nbd5 15. Bd6 Rc8 16. Nfe5
Bxg2 17. Kxg2 Bxd6 18. Nxd6 Rb8 19. Qc2 Rxb2 20. Qxb2 Qe7
21. Qa3 Ne4 22. Nec4 Nxd6 23. Qxd6 Rc8 24. Rb1 Qf8 25. Qxf8+
Kxf8 26. Nd6 Rc2 27. e4 Ke7 28. e5 Ne3+ 29. Kg1 Nf5 30. Nxf5+
exf5 31. Rb8 Rxa2 32. d5 f6 33. f4 fxe5 34. fxe5 Re2 35. d6+
Kf7 36. Rd8 Ke6 37. Re8+ Kd5 38. Rd8 Kc6 39. Rc8+ Kd5 40. Rd8
Ke6 41. Re8+ Kd5 1/2-1/2

[Event "Aeroflot Open"]
[Site "Moscow RUS"]
[Date "2016.03.05"]
[EventDate "2016.03.01"]
[Round "5.25"]
[Result "0-1"]
[White "Haik M Martirosyan"]
[Black "Matthias Bluebaum"]
[WhiteElo "2425"]
[BlackElo "2605"]
[PlyCount "110"]

1. d4 Nf6 2. c4 e6 3. Nc3 Bb4 4. Qc2 d5 5. cxd5 exd5 6. Bg5 h6
7. Bxf6 Qxf6 8. a3 Bxc3+ 9. Qxc3 O-O 10. Nf3 Bf5 11. e3 Nd7
12. Be2 c5 13. O-O c4 14. a4 a6 15. a5 b5 16. axb6 Qxb6
17. Ra5 Rfb8 18. Rxd5 Be6 19. Ra5 Qxb2 20. Qxb2 Rxb2 21. d5
Rxe2 22. dxe6 fxe6 23. Rc1 Rb2 24. h4 Rc8 25. Rxa6 c3 26. Kf1
c2 27. Nd2 Rc3 28. Ke2 Nc5 29. Rd6 Kf7 30. f3 Ke7 31. Rd4 e5
32. Rd5 Ke6 33. Rd8 Rbb3 34. Rc8 Rb4 35. h5 Rb2 36. Rd8 Ke7
37. Rd5 Ke6 38. Rd8 Rb7 39. e4 Rd7 40. Rc8 Nb3 41. Re8+ Kf7
42. Nxb3 Kxe8 43. Nd2 Rb7 44. Nf1 Rb1 45. Kd2 Rxc1 46. Kxc1
Ke7 47. Ng3 Kf6 48. Nf5 Ra3 49. Nh4 Rc3 50. Nf5 Rc7 51. Ne3
Kg5 52. Nxc2 Kxh5 53. Kd2 Kh4 54. Ne3 Kg3 55. Ke2 h5 0-1

[Event "Aeroflot Open"]
[Site "Moscow RUS"]
[Date "2016.03.06"]
[EventDate "2016.03.01"]
[Round "6.35"]
[Result "1/2-1/2"]
[White "Amirreza Pourramezanali"]
[Black "Haik M Martirosyan"]
[WhiteElo "2506"]
[BlackElo "2425"]
[PlyCount "114"]

1. g3 d5 2. Bg2 Nf6 3. Nf3 c6 4. c4 Bg4 5. Ne5 Be6 6. cxd5
Bxd5 7. Nf3 c5 8. O-O e6 9. Nc3 Bc6 10. Re1 Be7 11. e4 O-O
12. d4 cxd4 13. Nxd4 Nfd7 14. Be3 Bc5 15. Qe2 Qe7 16. Red1
Bxd4 17. Bxd4 a6 18. Rd2 b5 19. a3 Bb7 20. Rad1 f6 21. Bh3 Nc6
22. Be3 Rfd8 23. Rd6 Nf8 24. Bc5 Qf7 25. Rxd8 Rxd8 26. Rxd8
Nxd8 27. Qd3 Qc7 28. Qd6 Qxd6 29. Bxd6 Kf7 30. f4 Nd7 31. Kf2
Nc6 32. Ke3 Na5 33. Bf1 Nb6 34. Bc7 Nbc4+ 35. Kf2 Nb3 36. Bxc4
bxc4 37. Ke3 Bc6 38. Bd6 h5 39. h3 g6 40. g4 hxg4 41. hxg4 Ke8
42. Ne2 f5 43. gxf5 gxf5 44. Ng3 Kf7 45. Be5 Kg6 46. Bc3 Bb7
47. exf5+ exf5 48. Nf1 Bg2 49. Nh2 Kf7 50. Kf2 Be4 51. Nf1 Bd3
52. Ne3 Ke6 53. Kg3 Nc5 54. Kh4 Ne4 55. Kh5 Ng3+ 56. Kg6 Nf1
57. Nxf1 Bxf1 1/2-1/2

[Event "Aeroflot Open"]
[Site "Moscow RUS"]
[Date "2016.03.08"]
[EventDate "2016.03.01"]
[Round "8.24"]
[Result "1-0"]
[White "Haik M Martirosyan"]
[Black "Benjamin Bok"]
[WhiteElo "2425"]
[BlackElo "2611"]
[PlyCount "149"]

1. d4 d5 2. c4 e6 3. Nc3 c6 4. Nf3 Nf6 5. Bg5 h6 6. Bxf6 Qxf6
7. e3 g6 8. Bd3 Bg7 9. O-O O-O 10. Qe2 dxc4 11. Bxc4 b6 12. e4
Bb7 13. e5 Qe7 14. Rfe1 a6 15. Bd3 Nd7 16. Be4 Rfc8 17. h4
Rab8 18. Rad1 b5 19. Qe3 Nb6 20. Qf4 b4 21. Ne2 a5 22. Nc1 c5
23. dxc5 Bxe4 24. Qxe4 Qxc5 25. Nb3 Qb5 26. h5 g5 27. Nbd4 Qd5
28. Qg4 Rd8 29. Nxg5 hxg5 30. Qxg5 Kh7 31. Nxe6 Qxe6 32. Rxd8
Rxd8 33. Qxd8 Bxe5 34. g3 Qf6 35. Qd3+ Kg8 36. Re4 Bxb2
37. Rg4+ Kh8 38. h6 Qe7 39. Re4 Qd7 40. Qe2 Bf6 41. g4 Kh7
42. Rf4 Bg5 43. Rf5 Kxh6 44. Rxa5 f6 45. Qe4 Kg7 46. Kg2 Nc8
47. Rd5 Qc7 48. Qe6 Kh6 49. Rd7 Qf4 50. Rd8 Ne7 51. Qxe7 Qxg4+
52. Kf1 Qh3+ 53. Ke2 Qg4+ 54. Kd3 Qd1+ 55. Kc4 Qf1+ 56. Kxb4
Qb1+ 57. Kc5 Qc2+ 58. Kb5 Qb2+ 59. Kc6 Qc2+ 60. Kb7 Qb1+
61. Kc8 Qc2+ 62. Qc7 Qf5+ 63. Kb7 Qb1+ 64. Kc8 Qf5+ 65. Rd7
Qxf2 66. a4 Qg2 67. Rh7+ Kg6 68. Qf7+ Kf5 69. Qd7+ Kg6
70. Qf7+ Kf5 71. Qb7 Qc2+ 72. Rc7 Qxa4 73. Qd5+ Kg6 74. Qf7+
Kf5 75. Rc5+ 1-0

[Event "Aeroflot Open"]
[Site "Moscow RUS"]
[Date "2016.03.09"]
[EventDate "2016.03.01"]
[Round "9.18"]
[Result "1/2-1/2"]
[White "Robert Hovhannisyan"]
[Black "Haik M Martirosyan"]
[WhiteElo "2636"]
[BlackElo "2425"]
[PlyCount "113"]

1. e4 e6 2. d4 d5 3. Nc3 dxe4 4. Nxe4 Nd7 5. Nf3 Ngf6 6. Bd3
Nxe4 7. Bxe4 Nf6 8. Bg5 Qd6 9. Bd3 Qb4+ 10. Bd2 Qxb2 11. O-O
Be7 12. Qe2 Qa3 13. c4 Qd6 14. c5 Qd8 15. Rab1 O-O 16. Bf4 Nd5
17. Bd2 Nf6 18. Be3 Bd7 19. Rxb7 Bc6 20. Rb3 Bd5 21. Ra3 Be4
22. Bxe4 Nxe4 23. Qc4 Nf6 24. Ne5 Nd5 25. Bd2 Bf6 26. Ng4 h5
27. Nxf6+ Qxf6 28. Rf3 Qg6 29. Rg3 Qh7 30. Qc1 Ne7 31. Qd1
Rad8 32. Bf4 Nf5 33. Rd3 c6 34. Qa4 Rd5 35. Rfd1 Rfd8 36. h3
Qg6 37. Be5 f6 38. Bd6 Nxd6 39. cxd6 Qf7 40. Qxc6 R8xd6
41. Qc2 Qe7 42. h4 f5 43. g3 Qf6 44. Kg2 Rxd4 45. Qc8+ Kh7
46. Rxd4 Rxd4 47. Rxd4 Qxd4 48. Qxe6 Qe4+ 49. Qxe4 fxe4
50. Kh3 Kh6 51. g4 hxg4+ 52. Kxg4 g6 53. a3 a6 54. Kh3 Kh5
55. Kg3 g5 56. hxg5 Kxg5 57. f3 1/2-1/2

[Event "77th ch-ARM 1st League"]
[Site "Yerevan ARM"]
[Date "2016.10.27"]
[EventDate "2016.10.24"]
[Round "4.4"]
[Result "1-0"]
[White "Haik M Martirosyan"]
[Black "Manuel Petrosyan"]
[WhiteElo "2470"]
[BlackElo "2530"]
[PlyCount "157"]

1. d4 Nf6 2. c4 e6 3. Nf3 b6 4. g3 Ba6 5. b3 Bb4+ 6. Bd2 Be7
7. Bc3 d5 8. Nbd2 Nbd7 9. Bg2 O-O 10. Ne5 Bb7 11. Nd3 c5
12. O-O cxd4 13. Bxd4 Nc5 14. Nxc5 bxc5 15. Bb2 Qb6 16. cxd5
exd5 17. Qc2 Rfe8 18. Rfe1 Rac8 19. Rad1 Bf8 20. Bxf6 Qxf6
21. Nc4 Rcd8 22. Ne3 d4 23. Nc4 Bc8 24. e4 dxe3 25. Nxe3 Rxd1
26. Rxd1 h5 27. Qc4 a6 28. Qa4 Re5 29. Qa5 Bg4 30. Nxg4 hxg4
31. Qd8 Re1+ 32. Bf1 Rxd1 33. Qxd1 c4 34. Bxc4 Bc5 35. Qe2 a5
36. Qe8+ Kh7 37. Qxf7 Bxf2+ 38. Kg2 Qxf7 39. Bxf7 Bc5 40. Bh5
Kh6 41. Bxg4 Kg5 42. Kf3 Kf6 43. h4 Ke5 44. Bd7 Bb4 45. Be8
Be1 46. h5 Kf5 47. g4+ Ke5 48. Ke3 Bh4 49. Kd3 Bg5 50. Kc4 Bd2
51. a3 Kf4 52. Bd7 Ke5 53. Bf5 Be1 54. Bc2 Kf4 55. Bd1 Ke5
56. Kc5 Bf2+ 57. Kc6 Be1 58. Kd7 Kf6 59. Kd6 Bc3 60. Kc5 Bb2
61. Kb5 Bxa3 62. Kxa5 Bc1 63. b4 Bd2 64. Kb5 Ke6 65. Kc5 Kd7
66. b5 Be3+ 67. Kd5 Bg5 68. Be2 Bd8 69. Bc4 Ba5 70. Ke5 Bb6
71. Kf5 Ke7 72. Kg6 Bd4 73. g5 Kf8 74. h6 gxh6 75. gxh6 Ke8
76. h7 Ke7 77. Bf1 Ke6 78. Bg2 Kd7 79. Kf7 1-0

[Event "77th ch-ARM HL"]
[Site "Yerevan ARM"]
[Date "2017.01.12"]
[EventDate "2017.01.12"]
[Round "1.3"]
[Result "1/2-1/2"]
[White "Manuel Petrosyan"]
[Black "Haik M Martirosyan"]
[WhiteElo "2550"]
[BlackElo "2516"]
[PlyCount "220"]

1. d4 Nf6 2. c4 e6 3. Nf3 b6 4. g3 Ba6 5. Qa4 c5 6. Bg2 Bb7
7. dxc5 bxc5 8. O-O Be7 9. Nc3 O-O 10. Rd1 Qb6 11. Bf4 Rd8
12. Rd2 h6 13. Rad1 d6 14. g4 e5 15. Bg3 Nbd7 16. Nh4 Bxg2
17. Nxg2 Qb4 18. Ne3 Qxa4 19. Nxa4 Ne4 20. Rd3 Kf8 21. Nd5
Ndf6 22. Nxf6 Nxf6 23. f3 Rab8 24. b3 Ne8 25. Nc3 Nc7 26. f4
f6 27. f5 Kf7 28. Be1 Rh8 29. Ne4 Ne8 30. h4 g6 31. fxg6+ Kxg6
32. h5+ Kf7 33. Kf2 Ke6 34. Ng3 Ng7 35. e4 Rb6 36. Nf5 Nxf5
37. gxf5+ Kf7 38. Rg3 Ra6 39. Rd2 Ra3 40. Rb2 a5 41. Bd2 a4
42. Rg6 axb3 43. axb3 Rb8 44. Bxh6 Rbxb3 45. Rg7+ Ke8 46. Rg8+
Kf7 47. Rg7+ Ke8 48. Rxb3 Rxb3 49. Rg8+ Kf7 50. Rg7+ Ke8
51. Be3 Bf8 52. Rg3 Rb2+ 53. Kg1 Rb7 54. h6 Rh7 55. Rh3 Kf7
56. Kg2 Kg8 57. Rg3+ Kf7 58. Rh3 Kg8 59. Kf3 Rh8 60. Bd2 Kh7
61. Rg3 Rg8 62. Rxg8 Kxg8 63. Kg4 Kh8 64. Kh4 Kg8 65. Kg4 Kh8
66. Kh5 Kh7 67. Ba5 Bxh6 68. Bd8 Kg7 69. Be7 Be3 70. Bxd6 Kf7
71. Bc7 Bd2 72. Bd8 Bg5 73. Ba5 Be3 74. Bb6 Bd4 75. Bd8 Be3
76. Kg4 Bh6 77. Kf3 Bg7 78. Ke2 Ke8 79. Ba5 Bf8 80. Kd3 Kd7
81. Kc3 Bd6 82. Kb3 Be7 83. Ka3 Kd6 84. Ka4 Kc6 85. Kb3 Kd7
86. Kc2 Kc6 87. Bd2 Kb6 88. Kb3 Bd8 89. Ka4 Ka6 90. Bh6 Be7
91. Be3 Bd6 92. Bd2 Bc7 93. Be1 Bd8 94. Kb3 Kb6 95. Bd2 Kb7
96. Be3 Be7 97. Bf2 Kb6 98. Be1 Bd8 99. Bd2 Bc7 100. Kc2 Kc6
101. Kd3 Kd7 102. Bh6 Bd6 103. Kd2 Kd8 104. Ke2 Ke8 105. Be3
Ke7 106. Bd2 Bc7 107. Be1 Ke8 108. Ke3 Bd8 109. Bf2 Be7
110. Ke2 Bd6 1/2-1/2

[Event "77th ch-ARM HL"]
[Site "Yerevan ARM"]
[Date "2017.01.13"]
[EventDate "2017.01.12"]
[Round "2.4"]
[Result "1-0"]
[White "Haik M Martirosyan"]
[Black "Robert Hovhannisyan"]
[WhiteElo "2516"]
[BlackElo "2631"]
[PlyCount "71"]

1. d4 d5 2. c4 c6 3. Nf3 Nf6 4. Nc3 e6 5. Bg5 h6 6. Bxf6 Qxf6
7. g3 Nd7 8. Bg2 dxc4 9. O-O Be7 10. Ne4 Qf5 11. Ned2 e5
12. e4 Qe6 13. Rc1 b5 14. b3 c5 15. d5 Qd6 16. bxc4 b4 17. Ne1
h5 18. h4 g5 19. hxg5 Bxg5 20. f4 Bf6 21. Nd3 h4 22. g4 h3
23. Bf3 exf4 24. e5 Bxe5 25. Kh1 Bd4 26. Ne4 Qb6 27. Qe1 O-O
28. Qh4 Bg7 29. g5 f5 30. Nxf4 Ne5 31. g6 Nxg6 32. Nxg6 Qxg6
33. Rg1 fxe4 34. Rxg6 Bf5 35. Rxg7+ Kxg7 36. Rg1+ 1-0